| 000 | 01257nam0a2200313 4500 | ||
|---|---|---|---|
| 001 | RU\NLR\bibl\1485939 | ||
| 005 | 20250616011038.0 | ||
| 010 |
_a978-5-9703-0226-2 _9300 |
||
| 021 |
_aRU _b2010-3945 _9246 |
||
| 035 | _a(NLR Aleph) 001477554 | ||
| 090 |
_a1682826 _c1682826 |
||
| 100 | _a20100316d2009 |||y0rusy50 ca | ||
| 101 | 0 | _arus | |
| 102 | _aRU | ||
| 105 | _aa z ||||| | ||
| 200 | 1 |
_aОсновы техники и тактики выполнения боевых приемов борьбы в системе МВД РФ _e[учебно-методическое пособие] _fА.И. Куров _gУчеб. центр Гл. упр. внутр. дел Краснодар. края, Фил. в г. Армавире |
|
| 210 |
_aМайкоп _cКачество _d2009 |
||
| 215 |
_a248 с. _cил. _d21 |
||
| 320 | _aБиблигр.: с. 245 | ||
| 606 | 1 |
_aРукопашный бой _jУчебно-методические пособия _91172271 _3RU\NLR\auth\66152958 |
|
| 686 | _aЦ4,6(2Р)361.13я7 | ||
| 700 | 1 |
_aКуров _bА. И. _gАльберт Иванович _4070 |
|
| 801 | 0 |
_aRU _bNLR _c20100316 _gRCR |
|
| 801 | 1 |
_aRU _bNLR _c20100316 |
|
| 942 | _cBOOK | ||
| 980 | _aNB | ||
| 980 | _aNBR | ||